000
00297nam a22001337a 4500
003
SGT
082
_a
370
_b
A16G
100
_a
GPH
245
_a
ADOLESCENCE AND FAMILY EDUCATION BASE-66
260
_a
NEW DELHI
_b
GULLYBABA PUB HOUSE
_c
2016
300
_a
197
650
_a
EDUCATION
942
_2
ddc
_c
BK
999
_c
12695
_d
12695